| 000 | 00000nam##2200000za#4500 |
| 001 | 9.640844 |
| 003 | CaOODSP |
| 005 | 20210624222853 |
| 007 | cr ||||||||||| |
| 008 | 150407|2009||||xxc|||||o f|0| 0 fre|d |
| 020 | |a978-1-897463-53-6 |
| 040 | |aCaOODSP|bfre |
| 043 | |an-cn--- |
| 086 | 1 |aH174-31/2009F-PDF |
| 110 | 1 |aCanada.|bConseil canadien de la santé. |
| 245 | 10|aBien faire les choses : |h[ressource électronique]|bla bonne gestion des patients atteints de maladies chroniques par des équipes de soins de santé primaires |
| 260 | |aToronto - Ontario : |bConseil canadien de la santé |cAvril 2009. |
| 300 | |a55p.|bgraphiques, références, photographies |
| 590 | |a12-39-Supp|b2012-10-11 |
| 691 | 07|aMaladie chronique|2gcpds |
| 691 | 07|aRégime de soins de santé|2gcpds |
| 775 | 08|tGetting it right : |w(CaOODSP)9.696736 |
| 856 | 40|ahttp://publications.gc.ca|qPDF|s1.07 Mo|uhttps://publications.gc.ca/collections/collection_2012/ccs-hcc/H174-31-2009-fra.pdf |